000 00972nam a2200265 a 4500
001 000048421
005 20260527074042.0
008 190314s2018 dr 000 0 spa d
020 _a9789945590739
040 _aDO-SdBNP
_bspa
_cBNPHU
082 _a324.97293
_bR893e
100 1 _aRozón, Vladimir
_975833
245 1 3 _aLa extemporaneidad de las campañas electorales en República Dominicana. /
_cVladimir Rozón.
260 _aSanto Domingo, :
_bFUNGLODE
_bOPD,
_c2018.
300 _a57 p. ;
_c23 cm.
490 1 _aPartidos políticos ;
590 _aInventariado, 2019/ YL
504 _aBibliografía p: 53-57
650 4 _aElecciones
_zRepública Dominicana
_92992
650 4 0 _aPartidos políticos
_zRepública Dominicana
_9285
650 4 _aCampañas políticas
_zRepública Dominicana
_946237
710 2 _aFundación Global Democracía y Desarrollo
_925477
710 1 _aObservatorio Político Dominicano (OPD)
_975834
830 0 _aPartidos políticos
_975835
999 _c47909
_d47909